| 000 | 00489nam a22001457a 4500 | ||
|---|---|---|---|
| 999 |
_c4035 _d4035 |
||
| 008 | 250107b ||||| |||| 00| 0 eng d | ||
| 020 | _a978-0-330-43729-5 | ||
| 022 | _a978-0-330-43729-5 | ||
| 082 | _a823.92 | ||
| 100 |
_aGywneth Rees _eRees,Gywneth _kCosmo and the Magic Sneeze _lEnglish _tCosmo and the Magic Sneeze |
||
| 245 | _aCosmo and the Magic Sneeze | ||
| 260 |
_aLondon _bMacmillan Children's Books _c2004/2005 |
||
| 300 |
_a247 _c12.5cm |
||
| 942 |
_2ddc _h823.92 |
||